Aerosmith Songs - Sudden Death - Statistics

General Stats
  • This quiz has been taken 69 times
  • The average score is 7 of 10
Answers on the Grid
Answers color-coded by a green-red scale on the quiz's grid according to % correct below.
Back Alley Halo
Burning Up the Boulevard
Crash of the Wild Heart
Cryin’
Dream On
Dude (Looks Like a Lady)
Electric Halo Dreams
Fire in the Backseat
Hollywood Heartbreaker Blues
I Don’t Want to Miss a Thing
Kings and Queens
Kiss the Night Goodbye
Lightning Strikes
Lost in a Velvet Storm
Love on the Fireline
Midnight’s Edge of Desire
Neon Angel Serenade
Nightfall Lovers’ Parade
No More No More
Rebel Wings of Paradise
Ride the Velvet Lightning
Round and Round
Shadows on Sunset Drive
Shine Your Wicked Smile
Silver Tongue Lover
Siren of the Silver Moon
Streetlight Rebel Heart
Sweet Emotion
Voices in the Spotlight Rain
Walk This Way
 
Answer Stats
Answer % Correct
Dream On
98%
Cryin’
90%
Walk This Way
90%
Dude (Looks Like a Lady)
88%
I Don’t Want to Miss a Thing
88%
Sweet Emotion
78%
Kings and Queens
43%
No More No More
37%
Round and Round
27%
Lightning Strikes
24%
No matching quizzes found
Score Distribution
Percent of People with Each Score
Percentile by Number Answered
Your Score History
You have not taken this quiz